000 00747nam a2200217 i 4500
001 99446
003 ES-MaACL
005 20231226211011.0
007 t|
008 050908s1974 sp ||||1| spa d
100 1 _aMartinell Gifre, Francisco.
_9171824
245 1 3 _aLa política con alas
_b: José Antonio, Ramiro y Onésimo desde una perspectiva actual /
_cFrancisco Martinell.
260 _aMadrid :
_bEdiciones del Movimiento,
_c1974.
300 _a198 p. ;
_c21 cm.
600 1 4 _aPrimo de Rivera, José Antonio,
_d1903-1936
_9142533
600 1 4 _aLedesma Ramos, Ramiro,
_d1905-1936
_971157
600 1 4 _aRedondo, Onésimo.
_995821
710 2 _aEdiciones del Movimiento.
_9171800
852 _aES-MaACL
_jE-9516
999 _c99446
_d99446